Cải tiến nông nghiệp

Enregistré dans:
Détails bibliographiques
Auteur principal: Trịnh Lộc Bình
Format: Livre
Langue:Undetermined
Publié: Sài Gòn Khai Trí 1961
Sujets:
Tags: Ajouter un tag
Pas de tags, Soyez le premier à ajouter un tag!
Thư viện lưu trữ: Trung tâm Học liệu Trường Đại học Cần Thơ
LEADER 00485nam a2200181Ia 4500
001 CTU_12187
008 210402s9999 xx 000 0 und d
082 |a 631 
082 |b B312 
100 |a Trịnh Lộc Bình 
245 0 |a Cải tiến nông nghiệp 
245 0 |c Trịnh Lộc Bình 
260 |a Sài Gòn 
260 |b Khai Trí 
260 |c 1961 
650 |a agriculture 
904 |i Minh, 961111 
980 |a Trung tâm Học liệu Trường Đại học Cần Thơ